000
00272nam a22001097a 4500
999
_c
2897
_d
2897
008
190404e1964 ag ||||| |||| 00| 0 spa d
100
_a
Burch, G.
245
_a
Principios de Electrocardiografia
250
_a
4a ed.
260
_a
Buenos Aires
_b
El Ateneo
_c
1964
500
_3
Baja